[Event "Geraardsbergen op 36th"]
[Site "Geraardsbergen"]
[Date "2021.08.11"]
[Round "8"]
[White "Spruit, Paul"]
[Black "Schalkx, Johnny"]
[Result "0-1"]
[WhiteElo "2003"]
[BlackElo "2134"]
[PlyCount "76"]
[EventDate "2021.08.08"]
[EventType "swiss"]
[EventRounds "9"]
[EventCountry "BEL"]
[SourceTitle "CBM 203 Extra"]
[Source "ChessBase"]
[SourceDate "2021.09.30"]
[SourceVersion "1"]
[SourceVersionDate "2021.09.30"]
[SourceQuality "1"]

1. c4 g6 2. Nc3 Bg7 3. g3 e5 4. Bg2 Ne7 5. e4 0-0 6. Nge2 Nbc6 7. d3 d6 8. 0-0 Nd4 9. Nxd4 exd4 10. Ne2 a6 11. f4 f5 12. Rb1 a5 13. b3 c5 14. a3 Ra7 15. Bd2 b6 16. b4 axb4 17. axb4 Bb7 18. bxc5 bxc5 19. Re1 Re8 20. Ra1 Rxa1 21. Qxa1 Qd7 22. Qb1 Ba8 23. Kf1 Nc6 24. Ng1 Rb8 25. Qc2 fxe4 26. Bxe4 Nb4 27. Bxb4 Bxe4 28. Rxe4 Rxb4 29. Re1 Qb7 30. Qe2 h6 31. Qf3 Qxf3+ 32. Nxf3 Kf7 33. Ra1 Ke6 34. h3 Bf6 35. Re1+ Kf5 36. Re4 Rb1+ 37. Kf2 h5 38. Kg2 Rb2+ 0-1

[Event "European Corporate 2nd"]
[Site "Minsk"]
[Date "2019.08.30"]
[Round "1.6"]
[White "Spruit, Paul"]
[Black "Kindeev, Sergey"]
[Result "1-0"]
[WhiteElo "2017"]
[BlackElo "1915"]
[PlyCount "121"]
[EventDate "2019.08.30"]
[EventType "team-swiss"]
[EventRounds "9"]
[EventCountry "BLR"]
[SourceTitle "EXT 2020"]
[Source "ChessBase"]
[SourceDate "2019.10.17"]
[SourceVersion "1"]
[SourceVersionDate "2019.10.17"]
[SourceQuality "1"]
[WhiteTeam "DSE"]
[BlackTeam "BELAZ"]
[WhiteTeamCountry "NED"]
[BlackTeamCountry "BLR"]

1. c4 c6 2. g3 d6 3. d4 Nd7 4. Bg2 h6 5. Nc3 g5 6. e4 Bg7 7. Be3 Nf8 8. Nge2 Nf6 9. h3 Ng8 10. Qd2 a5 11. f4 Qb6 12. fxg5 Ne6 13. gxh6 Nxh6 14. 0-0-0 Nf8 15. Nf4 Bd7 16. g4 Ne6 17. Nh5 Bf8 18. d5 Nc5 19. Na4 Qb4 20. Nxc5 Qxd2+ 21. Rxd2 dxc5 22. Bxc5 0-0-0 23. Kb1 f6 24. e5 fxe5 25. Rf1 Ng8 26. dxc6 bxc6 27. Re2 Nf6 28. Nxf6 exf6 29. Bxf8 Rdxf8 30. Ref2 Kd8 31. Rxf6 Rxf6 32. Rxf6 Ke7 33. Rf2 Be6 34. b3 Rb8 35. Kc2 Rd8 36. Bxc6 Rh8 37. Bg2 a4 38. Kc3 axb3 39. axb3 Ra8 40. Be4 Rh8 41. Rf3 Bd7 42. b4 Be6 43. Bf5 Bxf5 44. gxf5 Kf6 45. Kd3 Rd8+ 46. Kc3 e4 47. Re3 Kxf5 48. c5 Rb8 49. c6 Ke5 50. Kc4 Rc8 51. b5 Rc7 52. Kc5 Rc8 53. b6 Ra8 54. c7 Ra5+ 55. Kc6 Kd4 56. Rxe4+ Kxe4 57. b7 Ra6+ 58. Kd7 Ke5 59. c8Q Rd6+ 60. Kc7 Rd1 61. b8Q 1-0

[Event "European Corporate 2nd"]
[Site "Minsk"]
[Date "2019.08.30"]
[Round "3.4"]
[White "Spruit, Paul"]
[Black "Zarubitski, Viachaslau"]
[Result "0-1"]
[WhiteElo "2017"]
[BlackElo "2426"]
[PlyCount "44"]
[EventDate "2019.08.30"]
[EventType "team-swiss"]
[EventRounds "9"]
[EventCountry "BLR"]
[SourceTitle "EXT 2020"]
[Source "ChessBase"]
[SourceDate "2019.10.17"]
[SourceVersion "1"]
[SourceVersionDate "2019.10.17"]
[SourceQuality "1"]
[WhiteTeam "DSE"]
[BlackTeam "BAM"]
[WhiteTeamCountry "NED"]
[BlackTeamCountry "BLR"]

1. c4 c6 2. g3 d5 3. Bg2 Nf6 4. Nf3 dxc4 5. Na3 Be6 6. Qc2 b5 7. b3 cxb3 8. axb3 Bd5 9. 0-0 g6 10. Bb2 Bg7 11. d3 0-0 12. Rfd1 a5 13. e4 Be6 14. d4 a4 15. bxa4 Rxa4 16. d5 cxd5 17. e5 Nfd7 18. Nxb5 Rxa1 19. Bxa1 Bf5 20. Qe2 Be4 21. Nc3 Bxf3 22. Bxf3 e6 0-1

[Event "European Corporate 2nd"]
[Site "Minsk"]
[Date "2019.08.30"]
[Round "2.2"]
[White "Sulashvili, Malkhaz"]
[Black "Spruit, Paul"]
[Result "1-0"]
[WhiteElo "2381"]
[BlackElo "2017"]
[PlyCount "85"]
[EventDate "2019.08.30"]
[EventType "team-swiss"]
[EventRounds "9"]
[EventCountry "BLR"]
[SourceTitle "EXT 2020"]
[Source "ChessBase"]
[SourceDate "2019.10.17"]
[SourceVersion "1"]
[SourceVersionDate "2019.10.17"]
[SourceQuality "1"]
[WhiteTeam "Khareba"]
[BlackTeam "DSE"]
[WhiteTeamCountry "GEO"]
[BlackTeamCountry "NED"]

1. d4 Nf6 2. Nf3 g6 3. g3 Bg7 4. Bg2 d5 5. c4 c6 6. cxd5 cxd5 7. 0-0 0-0 8. Nc3 Nc6 9. Ne5 Na5 10. b3 Ng4 11. Nxg4 Bxg4 12. h3 Be6 13. Bb2 Rc8 14. Kh2 Qd7 15. Qd2 Nc6 16. e3 h5 17. f4 f5 18. Ne2 Rc7 19. b4 Rfc8 20. Rfc1 Nd8 21. Rxc7 Rxc7 22. Rc1 Nf7 23. Rxc7 Qxc7 24. Qc3 Qd7 25. Nc1 Nd6 26. Nd3 Ne4 27. Qc2 Qc8 28. Qa4 a6 29. Nc5 Nxc5 30. bxc5 Qc6 31. Qb3 Kf7 32. Bc3 Ke8 33. Ba5 Kd7 34. Bf3 Bf6 35. Qb4 Qb5 36. Qxb5+ axb5 37. Kg2 Kc6 38. Kf2 Bd7 39. Ke2 e6 40. Kd3 Be7 41. Kc3 Bf6 42. Be2 g5 43. Kb4 1-0

[Event "Ghent Taminco op 38th"]
[Site "Ghent"]
[Date "2015.07.20"]
[Round "6"]
[White "Spruit, Paul"]
[Black "Stone, Andrew M"]
[Result "0-1"]
[WhiteElo "2055"]
[BlackElo "2209"]
[PlyCount "89"]
[EventDate "2015.07.18"]
[EventType "swiss"]
[EventRounds "9"]
[EventCountry "BEL"]
[SourceTitle "CBM 167 Extra"]
[Source "ChessBase"]
[SourceDate "2015.09.14"]
[SourceVersion "1"]
[SourceVersionDate "2015.09.14"]
[SourceQuality "1"]

1. c4 e5 2. g3 d6 3. Nc3 f5 4. d3 Nf6 5. Bg2 Be7 6. e4 0-0 7. Nge2 c6 8. 0-0 Na6 9. a3 fxe4 10. dxe4 Be6 11. b3 Nc7 12. Bb2 a6 13. a4 a5 14. Nc1 Na6 15. Nd3 Qb6 16. Bc1 Rad8 17. Be3 Qc7 18. Rc1 Bg4 19. f3 Bh5 20. Qd2 b6 21. Qc2 Rb8 22. Bh3 Kh8 23. Kg2 Rb7 24. Bf5 Qb8 25. Rb1 Nb4 26. Qd2 Na6 27. Qc2 Nc5 28. Rf2 Bf7 29. Bh3 Bg6 30. Bf5 Bxf5 31. exf5 Rd8 32. Re2 Nxd3 33. Qxd3 d5 34. cxd5 cxd5 35. Nb5 e4 36. fxe4 dxe4 37. Qc2 Rbd7 38. Qc6 Nd5 39. Bf2 Qe5 40. Qe6 Qb8 41. Qxe4 Bf6 42. Rbe1 Re7 43. Qc4 Qb7 44. Rxe7 Ne3+ 45. Kh3 0-1